Information Service in Libraries / (Record no. 195254)
[ view plain ]
| 000 -LEADER | |
|---|---|
| fixed length control field | 00935 a2200169 4500 |
| 003 - CONTROL NUMBER IDENTIFIER | |
| control field | NUST |
| 005 - DATE AND TIME OF LATEST TRANSACTION | |
| control field | 20221205124338.0 |
| 040 ## - CATALOGING SOURCE | |
| Transcribing agency | Nust |
| 082 ## - DEWEY DECIMAL CLASSIFICATION NUMBER | |
| Classification number | 027,FOS |
| 100 ## - MAIN ENTRY--PERSONAL NAME | |
| Personal name | Foskett, D.J. |
| 9 (RLIN) | 104131 |
| 245 ## - TITLE STATEMENT | |
| Title | Information Service in Libraries / |
| Statement of responsibility, etc. | D.J.Foskett, |
| 260 ## - PUBLICATION, DISTRIBUTION, ETC. | |
| Place of publication, distribution, etc. | New Delhi |
| Name of publisher, distributor, etc. | Anmol Publication Pvt Ltd |
| Date of publication, distribution, etc. | 1992 |
| 300 ## - PHYSICAL DESCRIPTION | |
| Extent | 142, p.: |
| 505 ## - FORMATTED CONTENTS NOTE | |
| Formatted contents note | The Origins of Information Services in Libraries (Page-1), The Role of the Information Officer (Page-13). Selection and Acquisition of Stock (Page-22). Arrangement and Indexing (Page-35). Dissemination of Information (Page-55). Reference Service (Page-72). Other Services (Page-90). The Education Role of an Information Service (Page-100). Reports and Correspondence Registries (Page-108). Training and Qualification for Information Work (Page-123). Future Developments in Information Service (Page-133). |
| 650 ## - SUBJECT ADDED ENTRY--TOPICAL TERM | |
| Topical term or geographic name entry element | Service in Libraries |
| 9 (RLIN) | 104132 |
| 942 ## - ADDED ENTRY ELEMENTS (KOHA) | |
| Source of classification or shelving scheme | |
| Koha item type | Book |
| Call number prefix | 027,FOS |
| Withdrawn status | Lost status | Source of classification or shelving scheme | Damaged status | Not for loan | Permanent Location | Current Location | Shelving location | Date acquired | Full call number | Barcode | Date last seen | Price effective from | Koha item type | Public note |
|---|---|---|---|---|---|---|---|---|---|---|---|---|---|---|
| Military College of Signals (MCS) | Military College of Signals (MCS) | General Stacks | 12/12/2016 | 027,FOS | MCS1332 | 12/08/2016 | 12/12/2016 | Book | Almirah No.46, Shelf No.1 |
